| 000 | 00887nam a2200253Ia 4500 | ||
|---|---|---|---|
| 005 | 20220317001451.0 | ||
| 008 | 161108s2004 a ao g 000 0 s | ||
| 020 | _a9788493397692 | ||
| 082 | 0 | 4 |
_a927.5946 _bP31g |
| 100 | 1 | _aGarcía, Marina | |
| 245 | 1 | 0 |
_aPicasso para niños _ctexto e ilustraciones _bMarina García |
| 250 | _a1a. edición, 1a reimpresión | ||
| 300 |
_a[16] páginas _bilustraciones, fotografías en color _c27 cm |
||
| 504 | _aincluye biografía, obras y actividades | ||
| 600 | 1 | 4 |
_aPicasso, Pablo _d1881-1973 _vBiografias _973643 |
| 650 | 1 | 4 |
_2LEMB _aPintores españoles _xBiografias |
| 650 | 1 | 4 |
_2LEMB _aPintura Española |
| 942 |
_2ddc _cBK |
||
| 264 |
_aBuenos Aires _bLibros del Zorro Rojo _c2004 |
||
| 336 |
_atexto _btxt _2rdacontent |
||
| 337 |
_asin mediación _bn _2rdamedia |
||
| 338 |
_avolumen _bnc _2rdacarrier |
||
| 040 |
_aCO-BoRNBP _bspa _erda _cCO-BoRNBP |
||
| 999 |
_c7067 _d7067 |
||